Name a Valid European Country - Statistics

General Stats
  • This quiz has been taken 712 times
  • The average score is 12 of 15
Answer Stats
Hint Answer % Correct
Starts with F France | Finland
99%
Has Nuclear Bombs UK | France | Russia
98%
Speaks French France | Andorra | Switzerland | Belguim | Luxembourg | Monaco
97%
Central European Country Germany | Austria | Switzerland | Liechtenstien | Poland | Czechia | Denmark | Slovakia | Hungary
97%
Speaks German Germany | Austria | Switzerland | Luxembourg | Belgium | Netherlands | Denmark | Czechia | Czech | Czech Republic | Poland | Liechtenstien
97%
Speaks English UK | Ireland | Malta | Cyprus
97%
Borders Both Germany & France Switzerland | Luxembourg | Belgium
95%
Has Territories UK | France | Denmark | Norway | Spain | Portugal
94%
Has Territorial disputes Ukraine | Russia | Turkey | Greece | Spain | UK | Serbia | Kosovo | Italy | Denmark | Iceland | Germany | Netherlands | Austria | Switzerland | Belgium | Croatia | Slovenia | Montenegro | Bosnia & Herzegovina | Ireland
93%
Had Colonies UK | France | Spain | Italy | Portugal
91%
Controlled South America UK | France | Portugal | Spain | Netherlands
89%
Has more than 6 borders Russia | France | Germany | Serbia | Austria | Turkey | Ukraine | Hungary | Poland | Italy
61%
Loves Russia Serbia | Belarus
50%
Geuss the country
And CZECH it
Czechia | Czech | Czech Republic
40%
Half the country in the Balkans Romania | Turkey | Italy
38%
No matching quizzes found
Score Distribution
Percent of People with Each Score
Percentile by Number Answered
Your Score History
You have not taken this quiz